[Event "SLO-chT"]
[Site "Slovenia"]
[Date "2011.06.03"]
[Round "4"]
[White "Jelen, Igor"]
[Black "Pavasovic, Dusko"]
[Result "0-1"]
[WhiteElo "2401"]
[BlackElo "2568"]
[Annotator "Mikhalchishin,A"]
[PlyCount "60"]
[EventDate "2011.05.27"]
[EventType "team-tourn"]
[EventRounds "9"]
[EventCountry "SLO"]
[SourceTitle "CBM 142 Extra"]
[Source "ChessBase"]
[SourceDate "2011.06.27"]
[SourceVersion "1"]
[SourceVersionDate "2011.06.27"]
[SourceQuality "1"]
[WhiteTeam "Milan Vidmar"]
[BlackTeam "Ptuj"]
[WhiteTeamCountry "SLO"]
[BlackTeamCountry "SLO"]

1. d4 f5 2. g3 Nf6 3. Bg2 g6 4. c4 Bg7 5. Nc3 d6 6. Nf3 O-O 7. O-O Nc6 8. d5
Ne5 9. Nxe5 dxe5 10. e4 f4 $6 {I remembered from my young years that another
option is playable and up to now not very well tested:} (10... e6 11. Qb3 exd5
12. cxd5 Ne8 13. exf5 gxf5 14. f4 Nd6 15. fxe5 Bxe5 16. Bf4 Bxf4 17. gxf4 Bd7
18. Rae1 Qf6 19. Qb4 Rf7 20. Rf3 Re8 21. Rg3+ Rg7 (21... Kh8 $5) 22. Rxe8+ Bxe8
23. Qc5 Rxg3 24. hxg3 Qg7 25. Qe3 Kf8 26. Kf2 b6 27. Bf1 h5 28. Bd3 Qh6 29. Qf3
Qf6 30. Qe3 h4 {1/2 Donchenko-Mikhalchishin, Kiev 1973}) 11. Qb3 g5 12. c5 Kh8
{An extremely interesting opening tabiya. There have been many games with it
and the impression is that Black's attacking chances are higher.} 13. Rd1 {
Many other moves have been tried in this situation} Qe8 {Black has to transfer
all his power to the kingside - other ideas are not logical and have recorded
poor success rates.} (13... a6 14. d6 exd6 15. cxd6 cxd6 16. Qb4 Qe8 17. Nd5 (
17. Qc4 Qh5 18. Qe2 f3 19. Bxf3 Ng4 20. Be3 Qxh2+ 21. Kf1 Qh3+ 22. Kg1 Qh2+ 23.
Kf1 Nxe3+ 24. Qxe3 Bh3+ 25. Ke2 g4 26. Rh1 gxf3+ 27. Kd3 Qg2 28. Rag1 Rf7 29.
Qe1 Be6 30. Nd1 d5 31. Ne3 dxe4+ 32. Kc2 Qxg1 33. Qxg1 Rc8+ 34. Kb1 Rd8 {
with very unclear play,1-0 Curi,G (2260)-Saldano Dayer,H (2325)/Buenos Aires
1995}) 17... Qh5 18. Rd3 Nxd5 19. Rxd5 Bh3 20. Qe1 Bxg2 21. Kxg2 Rf6 22. Qd1 g4
23. gxf4 Qh3+ 24. Kh1 exf4 25. Bd2 Raf8 26. Bc3 Rh6 27. Bxg7+ Kxg7 28. Qg1 Rg6
29. Qg2 Qxg2+ 30. Kxg2 Re8 31. Rad1 Rxe4 32. Rxd6 Rxd6 33. Rxd6 Rb4 34. b3 {
1/2 Bosbach,G (2265)-Stoll,F (2230)/Germany 1995: and despite Black's extra
pawn, it is very difficult to win this rook ending.}) (13... a5 14. Qa3 Qe8 15.
d6 exd6 16. cxd6 Qh5 17. dxc7 f3 18. Rd8 Rg8 19. Bf1 Bh3 20. Rxa8 Rxa8 21. Bc4
Ng4 22. Qc5 Nxh2 23. Nd5 Be6 24. Ne3 Ng4 25. Nxg4 Bxg4 26. Be3 Re8 27. Rd1 {
1-0 Vovsha,E-Miton,K (2220)/Paris 1996}) 14. Nb5 ({Some clever computer
programs recommends the immediate retreat. Our recommendation to buyers of
such engines - immediately ask the producer to return the money!!!} 14. Rf1 c6)
14... Qh5 15. f3 $2 ({The principled capture has been tried:} 15. Nxc7 Ng4 (
15... Rb8 {is not the way}) 16. h3 f3 (16... Nxf2 17. Kxf2 Bxh3 18. Bxh3 Qxh3
19. gxf4 Qh2+ 20. Kf1 g4 21. f5 Qh1+ (21... g3 22. Qf3) 22. Kf2 Qh2+ 23. Ke3)
17. Bf1 (17. hxg4 Bxg4 18. Bf1 Bh3 19. Qd3 Rf6 20. Bxg5 Bxf1 21. Qxf1 Qxg5 22.
Qh3 $18 (22. Nxa8 $2 Qh5) 22... Rg8 23. Rd3 {and White has a winning position!}
) 17... Nh2 $1 18. Ne6 $2 (18. c6 Bxh3 19. Bb5 Bc8 $1 $19) 18... Bxe6 19. dxe6
Nxf1 20. Kxf1 Qxh3+ {0-1 Frost,P-Ali,M (2041)/Mount Buller AUS 2005. Anyhow I
have the impression, that not everything is clear here.}) 15... g4 $1 ({
Of course, here Black has to attack as ordinary defence promises White better
chances:} 15... Ne8 16. g4 Qf7 17. Bd2 $14) 16. Nxc7 ({Going back is helpless
here>} 16. Rf1 $5 fxg3 17. hxg3 gxf3 18. Bxf3 Bg4 $17) 16... fxg3 17. hxg3 gxf3
18. Bxf3 Bg4 {Black has developed the most important piece and his attack is
decisive.} 19. Rf1 Bxf3 20. Qxf3 Ng4 21. Qg2 Rxf1+ 22. Kxf1 Rf8+ {When the
last piece comes into action it is time to close the curtain.} 23. Ke1 Rf2 24.
Qxf2 Nxf2 25. Kxf2 Qh2+ 26. Kf3 Qh1+ 27. Kf2 h5 28. b4 Qd1 29. Ne6 Qc2+ 30. Kf1
Qc3 0-1

[Event "EU-ch 12th"]
[Site "Aix les Bains"]
[Date "2011.03.23"]
[Round "2"]
[White "Pelletier, Yannick"]
[Black "Caspi, Israel"]
[Result "1/2-1/2"]
[WhiteElo "2593"]
[BlackElo "2450"]
[Annotator "Pelletier,Y"]
[PlyCount "95"]
[EventDate "2011.03.22"]
[EventType "swiss"]
[EventRounds "11"]
[EventCountry "FRA"]
[SourceTitle "CBM 142 Extra"]
[Source "ChessBase"]
[SourceDate "2011.06.27"]
[SourceVersion "1"]
[SourceVersionDate "2011.06.27"]
[SourceQuality "1"]

1. Nf3 f5 2. d4 Nf6 3. g3 g6 4. Bg2 Bg7 5. c4 O-O 6. O-O d6 7. Nc3 Nc6 8. d5
Na5 9. Qa4 c5 10. dxc6 Nxc6 11. Rd1 Kh8 {Mein Gegner hatte bereits so gespielt.
In der Vorbereitung fand ich einen Weg zum Vorteil.} 12. c5 d5 13. Bg5 {
Meistens entwickelt Weiß hier seinen Läufer nach f4, aber in Verbindung mit
dem nächsten Zug ist dies stärker.} e6 14. e4 $1 {Das gegnerische Zentrum muss
entkräftet werden.} fxe4 15. Nxe4 Bd7 ({In meiner Vorbereitung hatte ich mich
auf} 15... h6 {, konzentriert, was den Doppeltausch auf f6 erzwingt. Das ist
besser als der Textzug. Nach} 16. Bxf6 Bxf6 17. Nxf6 Qxf6 18. Rd2 {lässt Weiß
Re1 folgen. Schwarz bereitet seinerseits den Befreiungszug b6 vor, wonach sich
der weiße Vorteil in Grenzen hält.}) 16. Nxf6 Bxf6 17. Qh4 $1 {So behauptet
Weiß Druck.} Qe7 18. Re1 (18. Rd2 {gefolgt von Re1 wäre natürlicher, aber nach}
Bxg5 19. Nxg5 Rf5 {ist} 20. f4 {weniger stark als in der Partiefolge. Man sehe}
Qxc5+ 21. Kh1 Qe7 22. Re1 Re8 {, und} 23. Bxd5 {bringt nichts ein wegen} Rxg5
$1 24. fxg5 Qd6) 18... Qg7 ({Nun ist eben} 18... Bxg5 19. Nxg5 Rf5 20. f4 (20.
Nxe6 g5) 20... Qxc5+ 21. Kh1 Qe7 22. Rad1 Re8 23. Bxd5 {klar vorteilhaft.}) ({
Nach} 18... Rae8 19. Rad1 Bxg5 20. Nxg5 Rf5 {gibt es den folgenden Unterschied:
} 21. Rxd5 exd5 22. Rxe7 Rxe7 23. Bf1 $5 {mit Vorteil.}) 19. Rad1 b6 $1 ({
Ungenügende Kompensation erhält Schwarz nach} 19... Bxb2 20. Bh6 Qf6 (20... Qf7
$2 {scheitert an} 21. Ng5 $1 Qxf2+ 22. Kh1 $18) 21. Bxf8 Qxh4 (21... Rxf8 22.
Ng5 $36) 22. gxh4 $1 Rxf8 23. Rb1 Bc3 24. Re3 d4 25. Rd3 $16 {Andere Züge
erlauben Weiß die ruhige Verbesserung seiner Stellung im Zentrum und am
Damenflügel.}) 20. b4 ({Jetzt aber gibt es im Fall von} 20. cxb6 axb6 21. a3
Bxb2 $5 {genug Spiel für den Nachziehenden:} 22. Bh6 Qf6 23. Bxf8 (23. Ng5 $6
Rfe8) 23... Qxh4 24. gxh4 Rxf8 25. Rd3 {Der Computer sieht Weiß im Vorteil,
aber meiner Meinung nach sollte sich Schwarz halten können.}) 20... bxc5 21.
bxc5 Rab8 22. Rb1 Bxg5 23. Nxg5 Rxb1 24. Rxb1 Nd4 25. Rd1 $1 {Dieser
schwierige Zug ist auch der beste. Er kostete mich aber fast eine halbe Stunde,
wobei ich meinen Gegner auf der Uhr ungefähr einholte. Die Alternativen
bringen Weiß nichts ein:} (25. Nxh7 $2 Nf5 26. Qh3 Qxh7 27. Qxh7+ Kxh7 28. Rb7
Rf7 29. c6 Be8 30. Rxf7+ Bxf7 31. c7 Nd6 $19) (25. Rb7 $6 Ne2+ 26. Kf1 Qa1+ 27.
Kxe2 Qxa2+ {Während der Partie hörte ich hier auf. Die einzige Frage ist, ob
Schwarz mehr als Dauerschach hat ...}) (25. Nf7+ {ist hübsch, aber nach} Kg8 $1
$11 {unnütz!} (25... Rxf7 $2 26. Rb8+ Rf8 27. Rxf8+ Qxf8 28. Qxd4+ Qg7 29. Qb4
$1 $16) {Weiß muss nämlich Dauerschach geben, da} 26. Nd6 $6 Ne2+ 27. Kh1 (27.
Kf1 $2 Qc3 $1 $19) 27... Rxf2 $36) (25. Re1 Kg8 $1 $15) ({Nach der Partie
schlug mein Gegner} 25. Bh3 {vor. Diesen Zug verwarf ich aus prinzipiellen
Gründen. Das Feld f3 mit drohender Gabel schwächt man nur ungern. Schwarz kann
z.B.} h5 $13 ({oder} 25... Bc8 $13 {spielen.})) {Eigentlich hat Weiß am
Königsflügel seine Ressourcen erschöpft. Sein Vorteil liegt nun am Damenflügel
mit dem Freibauern. Wichtig ist dabei, die schwarzen Zentralfelder zu
kontrollieren. Den Nd4 zu verjagen, ist ein wichtiger Teil dieses Planes.}
25... Nf5 (25... Ne2+ 26. Kh1 Rxf2 {sieht verdächtig aus, ist aber nicht zu
widerlegen. Ich wollte} 27. Nxh7 {ziehen,} ({obwohl} 27. Nf3 {auch verlockend
schien. Der Computer zeigt aber, dass der Rf2 nicht zu sehr in Gefahr steht.}
h6 $1 $13) {. Nach} 27... Kg8 28. Ng5 $14) 26. Qb4 h6 27. c6 $2 ({Ein
unverständliches Versehen, hatte ich ja einige Züge zuvor erkannt, dass dies
schwach ist. Weiß behält einen soliden positionellen Vorteil nach} 27. Nf3 {
Die beste Verteidigung wäre dann die schwer zu findende Rückkehr des Springers
nach c6:} Ne7 (27... Bc6 $6 28. Re1 $16) 28. Nd4 Nc6 29. Nxc6 Bxc6 30. f4 $14)
27... hxg5 28. cxd7 Rd8 {Diesen einfachen Zug hatte ich vergessen. Zum Glück
steht Weiß nicht schlechter.} 29. Qg4 ({Der Computer zeigt immer noch einen
Weg zum weißen Vorteil:} 29. g4 Nh4 30. Qd6 Nxg2 31. Kxg2 Qxd7 32. Qe5+ Qg7 33.
Qxg5 Rf8 34. Rd3 {Viel ist es nicht, aber Schwarz muss auf seine
Königsstellung aufpassen.}) 29... Qe7 30. h4 Rxd7 ({Im Falle von} 30... gxh4
31. Qxg6 hxg3 32. fxg3 Rxd7 33. Rc1 {besitzt Weiß genug Gegenspiel.}) 31. hxg5
Kg7 {Die folgende Zeitnotphase wird von Ungenauigkeiten geprägt.} 32. Qe2 Qd6
33. Qb2+ Kh7 (33... d4 34. Be4 Nxg3 35. fxg3 Qxg3+ 36. Bg2 Qxg5 $13) 34. Bf3 (
34. Be4 Nxg3 (34... Qe7 35. Bxf5 gxf5 36. Qe5 $16) (34... d4 35. Kg2 $14) 35.
fxg3 Qxg3+ 36. Bg2 Qe3+ 37. Qf2 Qxg5 38. Qe2 $14) 34... Qe7 35. Re1 (35. Qe5
Qd6 $11) 35... Qg7 $6 (35... Qxg5 36. Rxe6 Rc7 $13) 36. Qd2 $6 ({Meine erste
Absicht war} 36. Qb4 $1 {, aber nach} Qd4 {übersah ich den starken} 37. Qf8 $1
{Weiß steht besser, man sehe} Qg7 38. Qe8 Re7 39. Qc8 Rc7 40. Qb8 Rb7 41. Qf4
$16) 36... e5 $6 (36... Qd4 37. Qc2 $14) 37. Kg2 $6 (37. Bxd5 $2 {verliert nach
} Ne7 $19 ({aber nicht} 37... Nd4 $2 38. Qa5 $18)) ({Stärker war aber} 37. Bg4
Qe7 (37... e4 38. Bxf5 gxf5 39. Qf4 $16) (37... Nd4 38. Kg2 $16) 38. Kg2 $1 d4
(38... Kg7 $6 39. Bxf5 gxf5 40. f4 $16) 39. Rh1+ Kg7 40. Bxf5 gxf5 41. g6 $1
$16 {, wonach der schwarze König ins Freie gejagt wird.}) 37... e4 38. Bg4 Qe5
39. Qb4 Kg7 40. Qb5 Re7 41. Rd1 d4 {Das Remis ist nun unausweichlich.} 42.
Qxe5+ Rxe5 43. Bxf5 gxf5 44. Rxd4 Kg6 45. Rd6+ Kxg5 46. Ra6 Re7 47. Kf1 f4 48.
gxf4+ 1/2-1/2

[Event "Biel GM"]
[Site "Biel"]
[Date "2002.08.01"]
[Round "10"]
[White "Pelletier, Yannick"]
[Black "Vallejo Pons, Francisco"]
[Result "1-0"]
[WhiteElo "2571"]
[BlackElo "2648"]
[Annotator "Pelletier,Y"]
[PlyCount "109"]
[EventDate "2002.07.22"]
[EventType "tourn"]
[EventRounds "10"]
[EventCountry "SUI"]
[EventCategory "16"]
[SourceTitle "CBM 091"]
[Source "ChessBase"]
[SourceDate "2002.11.12"]
[SourceVersion "1"]
[SourceVersionDate "2002.11.12"]
[SourceQuality "1"]

1. d4 f5 2. g3 g6 3. Bg2 Bg7 4. c4 Nf6 5. Nc3 d6 6. Nf3 O-O 7. O-O Nc6 8. d5
Ne5 9. Nxe5 dxe5 10. c5 {Meiner Meinung nach ist diese Variante für Schwarz
nachteilig. Denn er schwächt seine Bauernstruktur und lässt dem Anziehenden
freie Hand am Damenflügel für hypothetische Angriffschancen auf der anderen
Brettseite. Zudem ist Weiß mit seinen Handlungen viel weiter entwickelt. 8...
Na5 ist vermutlich die bessere Wahl.} Kh8 11. Qb3 h6 12. Rd1 a6 13. Bd2 Qe8 ({
Vielleicht etwas genauer als} 13... g5 14. Na4 {, da die Drohung 15.Ba5
gefolgt von d6 schwer parierbar ist. Nun kann aber auf 14.Na4 der Zug 14...Bd7
kommen.}) 14. Rac1 g5 15. Na4 {Obwohl sich der Springer vom Zentrum entfernt,
soll Weiß so spielen, falls er am Damenflügel Fortschritte erzielen will.} e4 (
{Vallejo überlegte lange nach, ob er nach} 15... f4 {einen gefährlichen
Angriff einleiten könnte. Aber in Wirklichkeit gelingt es dem Anziehenden
ständig, den Ansturm zu überwinden, man sehe:} 16. Ba5 Ng4 (16... fxg3 17. hxg3
Qh5 18. f3 {und} Bh3 {scheiter an} 19. g4 $1) 17. Bxc7 $1 (17. f3 Ne3 18. Bxc7
Qh5 $40 {[%csl Ge3][%cal Yc8h3]}) (17. h3 fxg3 18. fxg3 Nf2) 17... fxg3 ({oder
} 17... Qh5 18. h3 Nxf2 19. Kxf2 Bxh3 (19... fxg3+ 20. Kxg3) 20. Rh1 fxg3+ 21.
Kg1) 18. fxg3 Qh5 19. h3 Nf2 20. g4 {mit Vorteil. Man merke in diesen
Varianten die wichtige defensive Rolle der Qb3 entlang der 3.Reihe}) ({Die
Alternativen} 15... Rb8 16. c6 $1 b6 17. Nc5 {[%cal Gc5e6]}) (15... Qb5 16.
Qxb5 axb5 17. Nc3 b4 18. Nb5 Rxa2 19. Nxc7 Rxb2 20. Rb1 {[%csl Rb4] sind
übrigens auch eindeutig nachteilig.}) 16. Ba5 Bd7 17. Nc3 {17.c6 ist jetzt
natürlich unmöglich, wo die Diagonale des Bg2 geschlossen wurde.} Rc8 (17...
Qc8 18. d6 $1 {[%cal Gc1c8] ist sehr unangenehm, während 17...b6 kaum
Kompensation verspricht.}) 18. Qxb7 Rb8 19. Qxc7 Rc8 20. Qb7 Rb8 21. Qxa6 Ra8
22. Qb6 Rb8 23. Qa6 Ra8 24. Qc4 {Drei verbundene Freibauern für den Läufer
sind Grund genug, um die Zugwiederholung abzulehnen.} Rxa5 25. c6 (25. b4 Ra8
26. b5 {war auch gut möglich.}) 25... Bc8 26. b4 Ra8 27. b5 Qd8 {[%csl Yb6,Yd6]
[%cal Yd8a5,Yd8d6] Der Spanier versucht, eine Bockade auf den schwarzen
Feldern zu organisieren.} 28. Qc5 Ne8 ({Der Springer kommt der Blockade zu
Hilfe, denn auf d6 wird er eine ausgezeichnete Arbeit leisten können.
Ungenügend wären die Fortsetzungen} 28... Ra5 29. Qb4 Qb6 30. Qxe7 Ng4 31. e3)
({und} 28... Qd6 29. Qxd6 exd6 30. b6) 29. b6 Nd6 {[%csl Gd6]} 30. Rb1 Ba6 31.
a4 ({Weiß kann immer die Figur mittels} 31. b7 $6 {zurückerobern, aber mir
gefiel in diesem Fall nicht, dass mein Springer nach} Bxb7 32. cxb7 Rb8 33. Nb5
(33. Qc6 Qa5 34. e3 f4 $5) 33... Nxb7 {die Felder e6 oder c6 kaum erreichen
kann.}) 31... Qb8 32. Nb5 $2 $138 ({Ein sehr schlechter Zeitnotzug, der die
Dynamik der Freibauern sehr vermindert. Nach} 32. a5 {wäre der Sieg nur eine
Frage der Zeit, da Weiß seine Stellung mittels e3 und Bf1 einfach verstärken
kann.}) 32... Bxb5 33. axb5 {[%csl Rb6] Nun unterstützt der Rb1 nicht mehr den
Kandidaten auf b6.} Ra2 34. b7 $6 Be5 $6 ({Den Vorstoß} 34... f4 {hätte nun
geschehen können, um am Königsflügel Unruhe zu schaffen. Daher hätte Weiß
besser 34.e3 gespielt.}) 35. Rdc1 Ra4 $138 (35... Rxe2 $2 {funktionniert nicht
wegen} 36. Qb6 Ne8 37. c7 $1 {[%cal Rb6h6]}) 36. e3 Kh7 37. Bh3 $6 (37. b6 {
war nützlicher, aber ich bevorzugte neutrale Züge vor dem 40. Zug.}) 37... h5
38. Qc2 Ra5 39. Bf1 f4 40. Bg2 fxe3 $6 ({Nun geht der Bauer e4 verloren.
Besser war} 40... f3 {, obwohl Weiß nach} 41. Bf1 h4 42. Qc5 hxg3 43. fxg3 {
[%csl Ge4,Gf3] leicht bessere Aussichten behält.}) 41. fxe3 Kg7 42. Bxe4 Rxb5
$6 (42... Nxb5 $6 43. Qe2 {[%csl Rb5,Rh5] war unbefriedigend, aber während der
Partie befürchtete ich den trickreichen}) (42... h4 {[%csl Rg3,Rh2][%cal Gb8h2]
Fritz gefällt nun einfach} 43. gxh4 Rh8 44. hxg5 {, aber nach} Rxh2 45. c7 Qxb7
46. c8=Q Qxc8 47. Qxc8 Nxc8 48. Rxc8 Ra3 {[%csl Ye4,Ye5,Rg1] ist die Sache
noch unklar. Deshalb müsste sich Weiß mit 44.Bg2! Rxh4 45.h3 begnügen, was
immerhin klaren Vorteil verspricht. Auf jeden Fall sehe ich nicht, wie Schwarz
dann seinen Angriff fortsetzen kann.}) 43. Bh7 $1 Rxb1 ({Hartnäckiger war} 
43... Rf6 {[%cal Ra8h8,Rh8a8]} 44. Bd3 Rxb1 45. Rxb1 {(/\ c7)} Ne8 {, auch
wenn Weiß mit dem Mannöver} 46. Qg2 $1 {[%csl Rg7][%cal Gg2e4] und Qe4
gewinnen sollte.}) 44. Rxb1 Ne8 45. Qg6+ Kh8 46. Qh6 (46. c7 $1 {führte zum
sofortigen Kollaps, z.B:} Bxc7 (46... Nxc7 47. Qh6 Bg7 48. Qxh5) 47. Qh6 Rf7 (
47... Nf6 48. Bf5+) 48. Bg6+ Kg8 49. Bxf7+ Kxf7 50. Qxh5+ {, usw.}) 46... Bg7
47. Qxg5 Kxh7 48. Qxe7 {Aber Weiß gewinnt nun auch, weil der Nachziehende
seine Blockade auf den schwarzen Feldern nicht rechtzeitig aufstellen kann.}
Rf5 (48... Qe5 49. Qxe5 Bxe5 50. b8=Q Bxb8 51. Rxb8 Kg7 52. Rxe8 $1 Rxe8 53. d6
$18) (48... Rf6 49. d6 Rxd6 50. c7 $18) 49. c7 $1 Nxc7 50. Qe4 Kg6 51. Rf1 Qxb7
52. Qxf5+ Kh6 53. d6 Nd5 54. Qe6+ Kh7 55. Qe4+ {[%cal Gf1d1]} 1-0

[Event "Interzonal-15"]
[Site "Manila"]
[Date "1990.??.??"]
[Round "11"]
[White "Kamsky, Gata"]
[Black "Lin, Ta"]
[Result "1/2-1/2"]
[WhiteElo "2650"]
[BlackElo "2435"]
[Annotator "Ribli,Z"]
[PlyCount "100"]
[EventDate "1990.06.29"]
[EventType "swiss"]
[EventRounds "13"]
[EventCountry "PHI"]
[SourceTitle "CBM 019"]
[Source "ChessBase"]
[SourceDate "1990.12.01"]
[SourceVersion "1"]
[SourceVersionDate "1990.12.01"]
[SourceQuality "1"]

1. Nf3 f5 2. c4 Nf6 3. g3 d6 4. d4 g6 5. Bg2 Bg7 6. Nc3 O-O 7. O-O Nc6 8. d5
Na5 9. Nd2 c5 10. dxc6 $5 (10. Qc2) 10... bxc6 11. b3 (11. Rb1) 11... d5 $1 12.
Bb2 dxc4 $1 (12... d4 $2 13. Na4 $16 {/\ 14. Nf3, 14. b4}) 13. b4 $8 Nd5 $1 (
13... Rb8 $5) 14. Bxd5+ (14. Qc2 Nxb4 $17) (14. Nxd5 Bxb2 $17) 14... cxd5 $44
15. bxa5 d4 (15... Rb8 $5 16. Qc2 Qxa5 17. Rfc1 e5 $44) 16. Na4 $8 (16. Nb5 Rb8
$17) 16... Be6 (16... c3 $2 17. Nxc3 dxc3 18. Qb3+ $16) 17. Nf3 c3 18. Ba3 Bc4
19. Bb4 (19. Bc5 e5 $1 20. Bxf8 Qxf8 $44) 19... Re8 20. Re1 e5 21. a3 Qd5 $15 {
/\ Bb3-+} 22. Nxc3 dxc3 23. Bxc3 e4 $1 24. Qxd5+ Bxd5 25. Bxg7 (25. Nd4 Rec8
26. Bb2 Rab8 $19) 25... exf3 26. Bd4 fxe2 27. f4 Bf3 (27... Re4 {>=}) 28. Kf2
Bh5 29. Rac1 Red8 30. Rc4 $1 $138 Rd7 31. Bc3 Re8 32. Bb4 h6 $138 (32... Rd3)
33. Rc6 Kf7 34. Rec1 Rd1 35. Rc7+ Kg8 36. Be1 Red8 $2 (36... Rxc1 37. Rxc1 Re7)
37. Rc8 g5 38. Rxd8+ Rxd8 39. fxg5 hxg5 40. Rc5 $14 Rf8 41. a6 Rf7 42. Bd2 Kh7
43. Rb5 (43. Bxg5 $2 Rd7 {/\ Rd1-+}) 43... Kg6 44. Rb7 f4 $1 45. gxf4 gxf4 46.
Rxf7 (46. Bc3 $5) 46... Kxf7 47. Bxf4 Ke6 48. h4 (48. Bb8 Kd7 49. Bxa7 Kc7 $10)
48... Kd7 49. Bb8 Kc6 50. Bxa7 Kb5 1/2-1/2